| 000 | 01637cam a2200409 i 4500 | ||
|---|---|---|---|
| 001 | data | ||
| 005 | 20260322212110.0 | ||
| 008 | data | ||
| 035 | _a21944488 | ||
| 906 |
_a7 _bcbc _corignew _d3 _encip _f20 _gy-gencatlg |
||
| 925 | 0 |
_aacquire _b1 shelf copy _xpolicy default |
|
| 010 | _a 2020427916 | ||
| 020 | _a9788380618237 | ||
| 040 |
_aDLC _beng _erda _cDLC |
||
| 041 | 0 |
_arus _aeng _aspa _arus _beng _feng |
|
| 042 | _apcc | ||
| 043 | _ae-pl--- | ||
| 050 | 0 | 0 |
_aBX945.3 _b.K67 2020 |
| 245 | 0 | 0 |
_aKościół na drogach przeszłości / _cRedakcja Jan Walkusz, Marcin Nabożny ; Katolicki Uniwersytet Lubelski Jana Pawła II. Wydział Teologii. Instytut Nauk Teologicznych. |
| 264 | 1 |
_aLublin : _bWydawnictwo KUL, _c2020. |
|
| 300 |
_a392 pages : _billustrations ; _c21 cm |
||
| 336 |
_atext _btxt _2rdacontent |
||
| 337 |
_aunmediated _bn _2rdamedia |
||
| 338 |
_avolume _bnc _2rdacarrier |
||
| 504 | _aIncludes bibliographical references. | ||
| 546 | _aText partly also in English, Spanish, Russian. Summaries and table of contents in English. | ||
| 610 | 2 | 0 |
_aCatholic Church _xHistory. |
| 610 | 2 | 0 |
_aCatholic Church _xHistoriography. |
| 610 | 2 | 0 |
_aCatholic Church _zPoland _xHistory. |
| 650 | 0 | _aChurch history. | |
| 651 | 0 |
_aPoland _xChurch history. |
|
| 700 | 1 |
_aWalkusz, Jan, _d1955- _eauthor. _eauthor. |
|
| 700 | 1 |
_aNabożny, Marcin, _eauthor. _eauthor. |
|
| 710 | 2 |
_aKatolicki Uniwersytet Lubelski Jana Pawła II. _bWydział Teologii, _eissuing body. |
|
| 985 | _eECE IBC Record Cataloging Contract | ||
| 999 |
_c1642 _d1642 |
||